Biblioteca

A preface to Mark : (Registro nro. 46403)

Detalles MARC
000 -LÍDER
Campo fijo de descripción fija 01266aam a2200337 i 4500
001 - NÚMERO DE CONTROL
Campo de control 768714001
003 - IDENTIFICADOR DEL NÚMERO DE CONTROL
Campo de control CO-MdFUSB
005 - FECHA Y HORA DE LA ULTIMA TRANSACCIÓN
control field 20220819092452.0
007 - CAMPO FIJO DE DESCRIPCIÓN FIJA--INFORMACIÓN GENERAL
Campo fijo de descripción fija ta
008 - ELEMENTOS DE LONGITUD FIJA -- INFORMACIÓN GENERAL
Campo fijo de descripción fija -- Información general 200310t1993 -us |||| |||| 00| 0 eng d
020 ## - NÚMERO INTERNACIONAL NORMALIZADO PARA LIBROS
Número Internacional Normalizado del libro 9780195080440
040 ## - FUENTE DE CATALOGACIÓN
Idioma de catalogación spa.
Agencia de catalogación original CO-MdFUSB
Agencia que realiza la transcripción CO-MdFUSB
Agencia que realiza la modificación CO-MdFUSBC
Convenciones de la descripción rda
041 ## - CÓDIGO DE IDIOMA
Código de idioma para texto/pista de sonido o título separado eng
082 ## - NÚMERO DE CLASIFICACIÓN DECIMAL DEWEY
Número de la edición del Dewey 23
Número de clasificación 226.307
Clave de autor-Numero de item B915
100 1# - ASIENTO PRINCIPAL--NOMBRE PERSONAL
Nombre personal Bryan, Christopher
Término relacionador autor
245 12 - TÍTULO
Título del Material A preface to Mark :
Parte restante del título - Subtitulo Notes on the gospel in its literary and cultural settings
Mención de responsabilidad, etc. / Christopher Bryan
264 #1 - PRODUCCIÓN, PUBLICACIÓN, DISTRIBUCIÓN, MANUFACTURA, Y COPYRIGHT
Lugar de producción, publicación, distribución, manufactura New York :
Nombre del productor, publicador, distribuidor Oxford University Press,
Fecha de producción, publicación, distribución, manufactura, o copyright [1993]
264 #4 - PRODUCCIÓN, PUBLICACIÓN, DISTRIBUCIÓN, MANUFACTURA, Y COPYRIGHT
Fecha de producción, publicación, distribución, manufactura, o copyright © 1993
300 ## - DESCRIPCIÓN FÍSICA
Extensión xi, 220 páginas
Dimensiones ; 22 cm
336 ## - TIPO DE CONTENIDO
Término de tipo de contenido texto
Código de tipo de contenido txt
Fuente rdacontent
337 ## - TIPO DE MEDIO
Fuente rdamedia
Nombre del tipo de medio sin mediación
Código del tipo de medio n
338 ## - TIPO DE SOPORTE
Fuente rdacarrier
Nombre del tipo de soporte volumen
Código Tipo de soporte nc
500 ## - NOTA GENERAL
Nota General Incluye índices (p. 201-220)
505 0# - NOTA DE CONTENIDO
Nota de contenido con formato preestablecido Un prefacio a Marcos: Notas sobre el evangelio en su configuración literaria y cultural - ¿Qué tipo de texto es Marcos? - El género de Marcos - ¿Fue escrito Marcos para ser leído en voz alta? - Características orales del estilo de Marcos
563 ## - NOTA DE ENCUADERNACIÓN
Nota de encuadernación Pasta dura
630 07 - TITULO UNIFORME
Título uniforme Biblia.
Nombre de parte o sección de la obra Nuevo Testamento
630 #7 - TITULO UNIFORME
Título uniforme Biblia.
Nombre de parte o sección de la obra Marcos
Subdivisión de materia general Crítica, interpretación, etc.
942 ## - TIPO DE MATERIAL (KOHA)
Tipo de Item KOHA Libros General
945 ## - INFORMACIÓN LOCAL DEL REGISTRO
Catalogador JTF-925
Existencias
Estado de Material Estado de Perdido Forma de Clasificación Estado de Dañado No para Préstamo Colección Tomo Biblioteca de Origen Biblioteca Permanente Fecha de Adquisición Área Total de Préstamos Total de Renovaciones Signatura Topográfica Código de Barras Última vez visto Última vez Préstado Ejemplar/Existencia Fecha de Remplazo Tipo de Material
    Dewey Decimal Classification     Colección General   Biblioteca FUSBC Biblioteca FUSBC 10/06/2015 BIBLIA 1 3 G 226.307 B915p 20871 20/11/2023 05/07/2023 1 26/01/2016 Libros General

Biblioteca FUSBC | Teléfono: (57+4) 349 88 10 Ext. 141| WhatsApp (+57) 3005338115 
E-mail: biblioteca@unisbc.edu.co | Calle 76 87-14 Robledo Palenque, Medellín, Colombia

Con tecnología Koha